1686 1170 1610 1696 1151 1740 1070 1751 1498 1439 1829 1930 1287 1865 1818 1794 1100 1675 1300 1258 1567 1039 1875 1477 1775 1975 1050 1900 1600 1295 1015 1921 1051 1827 1966 1805 1082 1169 1634 1330 1562 1011 1208 1950 1676 1225 1333 1808 1741 1737 1720 1237 1384 1760 1051 1426 1394 1225 1349 1411 1420 1717 1782 1137 1159 1227 1415 1682 1871 1818 1531 1536 1682 1528 1938 1056 1575 1110 1297 1879 1122 1336 1570 1337 1459 1362 1399 1915 1660 1112 1381 1955 1941 1312 1313 1695 1295 1973 1047 BCNSPRNW ULIB Ver.6.0+V

เปลี่ยนเป็นภาษาไทย

Change to English
 แสดงรายละเอียดบรรณานุกรม
  กลับหน้าหลัก

Brief Record : Get Marc (ISO 2709) : E-mail record : QR code < ปิดหน้าต่าง
LEADER : 00000nam 2200000uu 4500
001    13399109522
003     ULIB
008    110404s2545||||th 000 0 tha d
020    9747097600
060 04 WB310^bป417ค 2545
100 0  ประเวศ วะสี,^d2474-
245 10 คู่มือการดูแลรักษาสุขภาพสำหรับประชาชน /^cประเวศ วะสี ...[และคณะ]
250    พิมพ์ครั้งที่ 13
260    กรุงเทพฯ :^bมูลนิธิโกมลคีมทอง,^c2545
300    345 หน้า :^bภาพประกอบ ;^c19 ซม.
650  7 ปฐมพยาบาล
650  7 ยา
650  7 โรค^xการป้องกันและควบคุม
650  7 สมุนไพร
650  7 อนามัย
945    ^p180^l0^i015303
945    ^p180^l0^i015302
945    ^p180^l0^i015301
995    ทศพร
999 ^a ใช้งานได้ทุกระบบ
รายการนี้ยังไม่มีแท็ก
คุณยังไม่ได้ล็อกอิน คุณสามารถมีกิจกรรมร่วมกับเว็บไซต์ได้ แต่ต้องล็อกอินก่อน ::
  ล็อกอิน

รายการสื่อสารสนเทศ

ลำดับที่ ประเภท เลขเรียก/บาร์โค้ด สถานที่ สถานะ
- ไม่พบข้อมูล -

รายการใกล้เคียง
    หัวเรื่อง [ปฐมพยาบาล]
    หัวเรื่อง [ยา]
    หัวเรื่อง [สมุนไพร]
    หัวเรื่อง [อนามัย]

BibComment


ยังไม่เคยถูกคอมเมนท์

คอมเมนท์ทรัพยากรรายการนี้
  คอมเมนท์: คู่มือการดูแลรักษ..


 Copyright 2026. Bcnsprnw @Library